00443cam a2200169ua 4500001000400000008003900004020001800043040000900061082001200070100002300082245007000105250000900175260003500184300001700219653001500236653002200251216110324n ii |||gr||||Z||||||asm a81-7339-249-9 cMAIN a301.072 aAhmed, Gyasuddin., aSamajik gabeshana aru iyaar kaushal pranali.cBy Gyasuddin Ahmed. a1st. aDibrugarh.:bBanalata.,c2006. a264 p.:4 cm. aSociology. aSamajik gabeshana